000
00334nam a2200133Ia 4500
008
150201s2008 xx 000 0 und d
082
_a
618.92
_b
P08P
100
_a
PERKIN,RONALD M
245
_a
PEDIATRIC HOSPITAL MEDICINE
250
_a
2ND
260
_b
WOLTERKULWER
_a
DELHI
_c
2008
650
_a
MEDICINE AND DIAGNOSIS
942
_2
ddc
_c
BK
999
_c
986
_d
986